[Event "Wuerttemberg-ch U14 Girls"]
[Site "Stuttgart"]
[Date "2003.04.24"]
[Round "5"]
[White "Schwarz, Julia Regina"]
[Black "Sandrou, Fotini"]
[Result "0-1"]
[WhiteElo "992"]
[BlackElo "1231"]
[PlyCount "84"]
[EventDate "2003.04.??"]
[EventType "swiss"]
[EventRounds "7"]
[EventCountry "GER"]
[SourceTitle "EXT 2005"]
[Source "ChessBase"]
[SourceDate "2004.11.15"]
[SourceVersion "1"]
[SourceVersionDate "2004.11.15"]
[SourceQuality "1"]

1. e4 c5 2. Nf3 e6 3. d4 cxd4 4. Nxd4 Nf6 5. Nc3 Nc6 6. Bb5 Bb4 7. Qd3 Nxd4 8. Qxd4 Bxc3+ 9. Qxc3 Nxe4 10. Qd4 Qa5+ 11. Bd2 Nxd2 12. Qxd2 Qxb5 13. b3 Qe5+ 14. Qe2 Qxa1+ 15. Qd1 Qxd1+ 16. Kxd1 0-0 17. Ke2 d5 18. Re1 Bd7 19. Kf1 Bb5+ 20. Kg1 Rac8 21. Rc1 Rc6 22. a4 Bd3 23. c3 Rfc8 24. b4 Rxc3 25. Rd1 Rc1 26. h3 Rxd1+ 27. Kh2 Rc4 28. a5 Rxb4 29. a6 Bxa6 30. f3 Rb2 31. h4 Rdd2 32. Kh3 Rxg2 33. h5 Rh2+ 34. Kg3 Rbg2+ 35. Kf4 Rxh5 36. Ke3 Re2+ 37. Kd4 Rh4+ 38. f4 Rxf4+ 39. Kc3 Re3+ 40. Kd2 Rh3 41. Kd1 Rh2 42. Ke1 Rf1# 0-1